00534nam a2200181Ia 450000500170000000800410001702000150005808200130007310000110008624500340009725000080013126000380013930000130017750000460019094200060023695200950024299900150033720250704030602.0240331s9999 xx 000 0 und d a9559348116 bWOLa920 aWolf,L 0aLakbime sath wasak :bgrowing a3rd aColombobSooriya Publishersc2001 a287 p ., aSinhala Translation By Premachandra Alwis cL 001040708LaWERCLbWERCLcSSCd2024-03-31l0o 920 WOLp4451r2024-03-31w2024-03-31yL c5288d5288